[Event "DEM U16w 2012"]
[Site "Oberhof GER"]
[Date "2012.05.29"]
[Round "5"]
[White "Osmanodja, Filiz"]
[Black "Polert, Annika"]
[Result "1-0"]
[Termination "normal"]
[Board "1"]
[WhiteTitle "FM"]
[WhiteElo "2160"]
[BlackElo "1792"]
[PlyCount "85"]
[WhiteFideId "24633569"]
[BlackFideId "24692328"]
[EventCountry "GER"]
[EventRounds "9"]
[EventType "swiss"]
[EventDate "2012.05.26"]

1. e4 c5 2. Nf3 Nc6 3. d4 cxd4 4. Nxd4 e5 5. Nb5 a6 6. N5c3 Nf6 7. Be3 Bb4 8.
a3 Qa5 9. f3 O-O 10. Bc4 h6 11. Ba2 Be7 12. b4 Qd8 13. O-O b5 14. Nd5 Nxd5 15.
Bxd5 Rb8 16. c4 bxc4 17. Bxc4 d6 18. Nc3 Bg5 19. Bf2 Kh8 20. Qd3 a5 21. b5 Nd4
22. Bxd4 exd4 23. Nd5 Be6 24. Qxd4 Bxd5 25. Qxd5 Be3+ 26. Kh1 Bc5 27. f4 Qe7
28. a4 Rb7 29. Rae1 Rd7 30. Qf5 Bb4 31. Re2 Rc7 32. Bd3 g6 33. Qh3 Kh7 34. f5
Rfc8 35. fxg6+ fxg6 36. e5 Rc1 37. Ref2 Rxf1+ 38. Rxf1 Rc3 39. e6 Qg5 40. Qf3
Rc1 41. Qf7+ Kh8 42. e7 Rxf1+ 43. Bxf1 1-0

[Event "DEM U16w 2012"]
[Site "Oberhof GER"]
[Date "2012.05.29"]
[Round "5"]
[White "Schmalhorst, Sophia"]
[Black "Berger, Nadja"]
[Result "1/2-1/2"]
[Termination "normal"]
[Board "2"]
[WhiteElo "1866"]
[BlackElo "1745"]
[PlyCount "123"]
[WhiteFideId "24682497"]
[BlackFideId "24692212"]
[EventCountry "GER"]
[EventRounds "9"]
[EventType "swiss"]
[EventDate "2012.05.26"]

1. d4 d5 2. Nf3 Bf5 3. Bf4 e6 4. e3 c5 5. Bxb8 Qxb8 6. Bb5+ Kd8 7. dxc5 a6 8.
Bd3 Bxd3 9. Qxd3 Nf6 10. c4 Bxc5 11. Nc3 Ke7 12. cxd5 Qd6 13. e4 Ng4 14. O-O
Rad8 15. Qe2 e5 16. Nh4 Nh6 17. Rad1 Qf6 18. g3 Rd6 19. Rd3 g5 20. Rf3 Qg7 21.
Nf5+ Nxf5 22. Rxf5 h5 23. Qc4 Rc8 24. Qb3 b6 25. Rc1 Rh6 26. Qd1 g4 27. Na4 Qh8
28. Nxc5 Rxc5 29. Rxc5 bxc5 30. Qa4 Qb8 31. b3 Qd6 32. Qc4 f6 33. f3 Qb6 34.
fxg4 hxg4 35. Kg2 Qb5 36. Qxb5 axb5 37. Rf2 Rh8 38. Rc2 Kd6 39. Rf2 Ke7 40. Kf1
Ra8 41. Rc2 Kd6 42. Ke2 Rh8 43. Ke3 Ra8 44. Kd3 Ra7 45. Rf2 Ke7 46. Kc3 Ra8 47.
Kb2 Rb8 48. Rf1 Rh8 49. Rh1 Kd6 50. a4 bxa4 51. bxa4 Rb8+ 52. Ka3 Rb4 53. Re1
Rd4 54. a5 Rb4 55. Re2 Rb5 56. Rf2 Ke7 57. d6+ Ke6 58. d7 Rxa5+ 59. Kb3 Ra8 60.
Kc4 Rd8 61. Kxc5 Rxd7 62. Rb2 1/2-1/2

[Event "DEM U16w 2012"]
[Site "Oberhof GER"]
[Date "2012.05.29"]
[Round "5"]
[White "Kuckling, Hannah"]
[Black "Diederichs, Luise"]
[Result "1/2-1/2"]
[Termination "normal"]
[Board "3"]
[WhiteElo "1821"]
[BlackElo "1764"]
[PlyCount "54"]
[WhiteFideId "24603660"]
[BlackFideId "24661597"]
[EventCountry "GER"]
[EventRounds "9"]
[EventType "swiss"]
[EventDate "2012.05.26"]

1. e4 g6 2. d4 Bg7 3. Nc3 d6 4. Bc4 a6 5. Be3 b5 6. Bd3 Bb7 7. f4 Nd7 8. Nf3 c5
9. dxc5 Nxc5 10. O-O Nf6 11. e5 Nfe4 12. Nxe4 Nxe4 13. Bxe4 Bxe4 14. Ng5 Bf5
15. g4 Bd7 16. exd6 O-O 17. c3 exd6 18. h3 Bc6 19. Bd4 h6 20. Bxg7 Kxg7 21.
Qd4+ Kg8 22. Ne4 Bxe4 23. Qxe4 Re8 24. Qd3 Qb6+ 25. Kg2 Re3 26. Qd2 Rae8 27.
Rae1 Qc6+ 1/2-1/2

[Event "DEM U16w 2012"]
[Site "Oberhof GER"]
[Date "2012.05.29"]
[Round "5"]
[White "Steimbach, Isabel"]
[Black "Lagunow, Elina"]
[Result "1-0"]
[Termination "normal"]
[Board "4"]
[WhiteElo "1690"]
[BlackElo "1748"]
[PlyCount "33"]
[WhiteFideId "24692174"]
[BlackFideId "4673387"]
[EventCountry "GER"]
[EventRounds "9"]
[EventType "swiss"]
[EventDate "2012.05.26"]

1. e4 c5 2. c3 Nf6 3. e5 Nd5 4. Bc4 Nb6 5. Bb3 Nc6 6. Nf3 d6 7. exd6 exd6 8.
O-O Bg4 9. h3 Bh5 10. d4 Be7 11. Be3 O-O 12. Nbd2 cxd4 13. cxd4 Bf6 14. Ne4 Rc8
15. g4 Bg6 16. Nxf6+ Qxf6 17. Bg5 1-0

[Event "DEM U16w 2012"]
[Site "Oberhof GER"]
[Date "2012.05.29"]
[Round "5"]
[White "Winterholler, Christina"]
[Black "Liez, Franziska"]
[Result "1/2-1/2"]
[Termination "normal"]
[Board "5"]
[WhiteElo "1822"]
[BlackElo "1957"]
[PlyCount "40"]
[WhiteFideId "24652105"]
[BlackFideId "1271766"]
[EventCountry "GER"]
[EventRounds "9"]
[EventType "swiss"]
[EventDate "2012.05.26"]

1. e4 e5 2. Nf3 Nc6 3. Bc4 Bc5 4. b4 Bxb4 5. c3 Ba5 6. d4 exd4 7. O-O Nf6 8.
Ba3 d6 9. e5 Ng4 10. exd6 cxd6 11. Re1+ Kf8 12. Nxd4 Nxd4 13. Qxd4 Bc7 14. Nd2
Nf6 15. Ne4 Nxe4 16. Qxe4 h5 17. Rad1 Rh6 18. Re3 Rb8 19. Red3 b5 20. Bb3 a5
1/2-1/2

[Event "DEM U16w 2012"]
[Site "Oberhof GER"]
[Date "2012.05.29"]
[Round "5"]
[White "Herbrig, Marie-Helen"]
[Black "Siegl, Melina"]
[Result "0-1"]
[Termination "normal"]
[Board "6"]
[WhiteElo "1646"]
[BlackElo "1771"]
[PlyCount "108"]
[WhiteFideId "12900427"]
[BlackFideId "1272126"]
[EventCountry "GER"]
[EventRounds "9"]
[EventType "swiss"]
[EventDate "2012.05.26"]

1. e4 c5 2. Nf3 Nc6 3. d4 cxd4 4. Nxd4 Nf6 5. Nc3 e5 6. Ndb5 d6 7. Bg5 a6 8.
Na3 b5 9. Nd5 Be7 10. Bxf6 Bxf6 11. g3 Be6 12. Bg2 Rc8 13. c3 Be7 14. O-O h5
15. Nc2 h4 16. Re1 hxg3 17. hxg3 Bg5 18. Nce3 Ne7 19. a4 Bxe3 20. Nxe3 Qd7 21.
axb5 axb5 22. Ra6 Rc6 23. Qa1 Bh3 24. Bh1 Qe6 25. Nf5 Bxf5 26. exf5 Qh6 27.
Bxc6+ Nxc6 28. Ra8+ Nd8 29. Kf1 Qh1+ 30. Ke2 Qe4+ 31. Kd2 Qd5+ 32. Kc2 Rh2 33.
Qa7 Qf3 34. Rxd8+ Kxd8 35. Qb8+ Ke7 36. Qc7+ Ke8 37. Qb8+ Ke7 38. Qa7+ Ke8 39.
Rf1 Qe2+ 40. Kb3 Qxf1 41. Qb8+ Ke7 42. Qc7+ Kf6 43. Qxd6+ Kxf5 44. Qd7+ Kg5 45.
f4+ exf4 46. gxf4+ Qxf4 47. Qe7+ Kg6 48. Ka2 Qa4+ 49. Qa3 Qxa3+ 50. Kxa3 f5 51.
b3 f4 52. Kb4 f3 53. Kxb5 f2 54. c4 f1=Q 0-1

[Event "DEM U16w 2012"]
[Site "Oberhof GER"]
[Date "2012.05.29"]
[Round "5"]
[White "Mehling, Katharina"]
[Black "Tobianski, Karina"]
[Result "1-0"]
[Termination "normal"]
[Board "7"]
[WhiteElo "1714"]
[BlackElo "1341"]
[PlyCount "99"]
[WhiteFideId "12900362"]
[BlackFideId "12937746"]
[EventCountry "GER"]
[EventRounds "9"]
[EventType "swiss"]
[EventDate "2012.05.26"]

1. e4 c5 2. Nf3 Nc6 3. d4 cxd4 4. Nxd4 g6 5. Nc3 Bg7 6. Be3 Nf6 7. f3 O-O 8.
Qd2 d5 9. Nxc6 bxc6 10. e5 Nd7 11. f4 Nb6 12. Be2 f6 13. exf6 exf6 14. O-O Re8
15. Bd4 Qc7 16. Bf2 Be6 17. Bd3 f5 18. Nd1 c5 19. c3 d4 20. Rc1 c4 21. cxd4 Qd6
22. Be2 Rad8 23. Nc3 Bxd4 24. Qxd4 Qxd4 25. Bxd4 Rxd4 26. Rcd1 Red8 27. g3 Rd2
28. Kf2 R8d7 29. Rxd2 Rxd2 30. Rb1 Kf7 31. Ke1 Rd7 32. Rd1 Rxd1+ 33. Kxd1 Ke7
34. Kc2 Kd7 35. Bf3 a6 36. Bb7 a5 37. Nb5 Nd5 38. Bxd5 Bxd5 39. Kc3 Kc6 40.
Nd4+ Kc5 41. a3 Bf7 42. Nf3 Bd5 43. Ne5 Be6 44. a4 Bd5 45. Nd7+ Kd6 46. Kd4 Bc6
47. Ne5 Bxa4 48. Nxc4+ Kc6 49. Nxa5+ Kb5 50. b3 1-0

[Event "DEM U16w 2012"]
[Site "Oberhof GER"]
[Date "2012.05.29"]
[Round "5"]
[White "Tettmann, Ann-Kathrin"]
[Black "Stoll, Katja"]
[Result "1-0"]
[Termination "normal"]
[Board "8"]
[WhiteElo "1622"]
[BlackElo "1645"]
[PlyCount "109"]
[WhiteFideId "12945676"]
[BlackFideId "1271730"]
[EventCountry "GER"]
[EventRounds "9"]
[EventType "swiss"]
[EventDate "2012.05.26"]

1. d4 d5 2. c4 c6 3. Nc3 e6 4. Nf3 Nf6 5. e3 Be7 6. Qc2 Nbd7 7. Bd3 dxc4 8.
Bxc4 b5 9. Bd3 a6 10. O-O c5 11. Be4 Nxe4 12. Qxe4 Rb8 13. dxc5 Nxc5 14. Qe5
Bb7 15. Qxg7 Bf6 16. Qg3 b4 17. Ne2 Ne4 18. Qf4 Rg8 19. Ng3 Nxg3 20. hxg3 a5
21. Nd2 e5 22. Qf5 Rg6 23. e4 Rc8 24. Qf3 Rxc1 25. Raxc1 Qxd2 26. Rc7 Ba6 27.
Rb1 Bb5 28. Qb3 Rg7 29. Rd1 a4 30. Qf3 Qe2 31. Qxe2 Bxe2 32. Rd6 Rg6 33. Rb7 b3
34. axb3 axb3 35. Rxb3 Bc4 36. Rb7 Be6 37. b4 Rg4 38. f3 Rxg3 39. b5 Bd8 40.
Rb8 Bd7 41. b6 Ke7 42. Rd5 Rg6 43. Rxe5+ Re6 44. Rxe6+ fxe6 45. b7 Bb6+ 46. Kh1
Bc7 47. Rc8 Bd6 48. b8=Q Bxb8 49. Rxb8 Kf6 50. Rb7 Ke7 51. Kh2 e5 52. Kg3 Kd6
53. Kh4 Kc6 54. Ra7 Kd6 55. Kg5 1-0

[Event "DEM U16w 2012"]
[Site "Oberhof GER"]
[Date "2012.05.29"]
[Round "5"]
[White "Schäfer, Annabelle"]
[Black "Spiegelberg, Silvia"]
[Result "1-0"]
[Termination "normal"]
[Board "9"]
[WhiteElo "1803"]
[BlackElo "1903"]
[PlyCount "105"]
[WhiteFideId "12917729"]
[BlackFideId "24654450"]
[EventCountry "GER"]
[EventRounds "9"]
[EventType "swiss"]
[EventDate "2012.05.26"]

1. e4 e5 2. Nf3 Nc6 3. Bc4 Bc5 4. c3 Nf6 5. d3 a6 6. Bb3 Ba7 7. Nbd2 d6 8. Qe2
O-O 9. h3 h6 10. g4 Nh7 11. Nf1 Be6 12. Bc2 d5 13. Ng3 dxe4 14. dxe4 b5 15. b3
Qe7 16. Bd2 b4 17. Nf5 Bxf5 18. gxf5 bxc3 19. Bxc3 Qc5 20. Bb2 Nb4 21. Bb1 Rfe8
22. O-O Qd6 23. Rd1 Qf6 24. Kg2 Nc6 25. Bd3 Ng5 26. Nxg5 Qxg5+ 27. Qg4 Qxg4+
28. hxg4 Bd4 29. Bxd4 exd4 30. Rac1 Nb4 31. Bb1 d3 32. f3 Rac8 33. a3 Nc2 34.
Bxc2 dxc2 35. Rxc2 Re7 36. Rc6 Rb8 37. Rd3 Ra8 38. Kf2 f6 39. Rdc3 Ra7 40. R3c4
Rd7 41. Ke2 Rb7 42. b4 Ra7 43. R4c5 a5 44. bxa5 Rd4 45. Rxc7 Rxc7 46. Rxc7 Ra4
47. Ra7 Rxa3 48. a6 Ra2+ 49. Kd3 Kf8 50. Kd4 Ra3 51. f4 Ra1 52. Kd5 Rd1+ 53.
Ke6 1-0

[Event "DEM U16w 2012"]
[Site "Oberhof GER"]
[Date "2012.05.29"]
[Round "5"]
[White "Lehmann, Patricia"]
[Black "Eue, Vicky"]
[Result "0-1"]
[Termination "normal"]
[Board "10"]
[WhiteElo "1671"]
[BlackElo "1586"]
[PlyCount "68"]
[WhiteFideId "12900060"]
[BlackFideId "12945838"]
[EventCountry "GER"]
[EventRounds "9"]
[EventType "swiss"]
[EventDate "2012.05.26"]

1. d4 Nf6 2. Nf3 g6 3. c4 Bg7 4. Nc3 d5 5. e3 b6 6. Be2 O-O 7. O-O Bb7 8. Ne5
Nc6 9. Nxc6 Bxc6 10. Qc2 Re8 11. Rd1 Bb7 12. b3 e5 13. dxe5 Rxe5 14. Bb2 d4 15.
exd4 Rg5 16. d5 Qd7 17. Rd3 Qf5 18. h4 Ng4 19. Bd1 Re8 20. Bxg4 Rxg4 21. Qd2
Rxh4 22. Rd1 Qh5 23. Rh3 Rxh3 24. gxh3 Qxh3 25. Re1 Be5 26. f4 Bd4+ 27. Qxd4
Rxe1+ 28. Kf2 Qf1+ 29. Kg3 Qg1+ 30. Qxg1 Rxg1+ 31. Kf2 Rh1 32. Kg2 Rh5 33. Nb5
c6 34. d6 cxb5+ 0-1

[Event "DEM U16w 2012"]
[Site "Oberhof GER"]
[Date "2012.05.29"]
[Round "5"]
[White "Brock, Sharlena"]
[Black "Wulf, Constanze"]
[Result "1/2-1/2"]
[Termination "normal"]
[Board "11"]
[WhiteElo "1420"]
[BlackElo "1473"]
[PlyCount "45"]
[WhiteFideId "12951935"]
[BlackFideId "24692379"]
[EventCountry "GER"]
[EventRounds "9"]
[EventType "swiss"]
[EventDate "2012.05.26"]

1. e4 c5 2. c3 Nf6 3. e5 Nd5 4. d4 cxd4 5. cxd4 e6 6. Nf3 d6 7. Bc4 Nb6 8. Bb3
dxe5 9. Nxe5 Nc6 10. Nxc6 bxc6 11. O-O Be7 12. Nc3 O-O 13. Be3 Ba6 14. Re1 Nc4
15. Qe2 Nxe3 16. Qxa6 Nf5 17. Qxc6 Nxd4 18. Qa4 Nxb3 19. Qxb3 Rb8 20. Qc2 Qc7
21. Re3 Bf6 22. Rd1 Rfc8 23. Red3 1/2-1/2

[Event "DEM U16w 2012"]
[Site "Oberhof GER"]
[Date "2012.05.29"]
[Round "5"]
[White "Burgardt, Sabrina"]
[Black "Michels, Kim"]
[Result "0-1"]
[Termination "normal"]
[Board "12"]
[WhiteElo "1281"]
[BlackElo "1647"]
[PlyCount "70"]
[WhiteFideId "12951943"]
[BlackFideId "24690066"]
[EventCountry "GER"]
[EventRounds "9"]
[EventType "swiss"]
[EventDate "2012.05.26"]

1. e4 c5 2. Nf3 Nc6 3. d4 cxd4 4. Nxd4 g6 5. Be2 Bg7 6. Be3 Nf6 7. Nc3 O-O 8.
O-O d5 9. exd5 Nxd5 10. Nxd5 Qxd5 11. Bf3 Qd7 12. Nxc6 bxc6 13. Qxd7 Bxd7 14.
c3 Rab8 15. b3 Bxc3 16. Rac1 Bg7 17. Bxc6 Bxc6 18. Rxc6 Rfd8 19. Rc7 Kf8 20.
Rxa7 Bd4 21. Bxd4 Rxd4 22. Rc1 e5 23. f3 Kg7 24. Rcc7 Rf8 25. a4 Rd1+ 26. Kf2
Rd2+ 27. Kg3 h5 28. Rd7 h4+ 29. Kh3 Rb2 30. Rab7 g5 31. g3 hxg3 32. hxg3 Kg6
33. g4 Rh8+ 34. Kg3 Rhh2 35. Rd6+ Kg7 0-1

[Event "DEM U16w 2012"]
[Site "Oberhof GER"]
[Date "2012.05.30"]
[Round "6"]
[White "Osmanodja, Filiz"]
[Black "Steimbach, Isabel"]
[Result "1-0"]
[Termination "normal"]
[Board "1"]
[WhiteTitle "FM"]
[WhiteElo "2160"]
[BlackElo "1690"]
[PlyCount "55"]
[WhiteFideId "24633569"]
[BlackFideId "24692174"]
[EventCountry "GER"]
[EventRounds "9"]
[EventType "swiss"]
[EventDate "2012.05.26"]

1. e4 e5 2. Nf3 d6 3. d4 exd4 4. Nxd4 Nf6 5. Nc3 Be7 6. g3 Nc6 7. Nxc6 bxc6 8.
Bg2 Bb7 9. O-O O-O 10. b3 d5 11. e5 Nd7 12. f4 Re8 13. Qg4 Rb8 14. Bb2 d4 15.
Ne4 Nc5 16. f5 Nxe4 17. Bxe4 Bf8 18. e6 f6 19. Qf3 Ba6 20. Rfd1 Qc8 21. Bxd4 c5
22. Bc3 Rd8 23. Qh5 Bd6 24. Qf7+ Kh8 25. Bxf6 gxf6 26. Qxf6+ Kg8 27. Qf7+ Kh8
28. f6 1-0

[Event "DEM U16w 2012"]
[Site "Oberhof GER"]
[Date "2012.05.30"]
[Round "6"]
[White "Kuckling, Hannah"]
[Black "Schmalhorst, Sophia"]
[Result "0-1"]
[Termination "normal"]
[Board "2"]
[WhiteElo "1821"]
[BlackElo "1866"]
[PlyCount "64"]
[WhiteFideId "24603660"]
[BlackFideId "24682497"]
[EventCountry "GER"]
[EventRounds "9"]
[EventType "swiss"]
[EventDate "2012.05.26"]

1. e4 e5 2. Nf3 Nc6 3. Bb5 Nf6 4. d3 Bc5 5. O-O d6 6. c3 O-O 7. h3 Bb6 8. Bg5
h6 9. Bh4 g5 10. Nxg5 hxg5 11. Bxg5 Kg7 12. Qf3 Kg6 13. Bh4 Rg8 14. Nd2 Qe7 15.
Rfe1 Nd8 16. d4 c6 17. Bd3 Ne6 18. Qf5+ Kg7 19. dxe5 dxe5 20. Qxe5 Bc7 21.
Bxf6+ Qxf6 22. Qxf6+ Kxf6 23. Nf3 Nf4 24. Bf1 Nxh3+ 25. Kh1 Nxf2+ 26. Kg1 Ng4
27. Rad1 Bb6+ 28. Nd4 Ne5 29. Kf2 Bg4 30. Be2 Rad8 31. Kf1 Bxe2+ 32. Nxe2 Nd3
0-1

[Event "DEM U16w 2012"]
[Site "Oberhof GER"]
[Date "2012.05.30"]
[Round "6"]
[White "Berger, Nadja"]
[Black "Diederichs, Luise"]
[Result "1/2-1/2"]
[Termination "normal"]
[Board "3"]
[WhiteElo "1745"]
[BlackElo "1764"]
[PlyCount "101"]
[WhiteFideId "24692212"]
[BlackFideId "24661597"]
[EventCountry "GER"]
[EventRounds "9"]
[EventType "swiss"]
[EventDate "2012.05.26"]

1. f4 g6 2. d4 Nf6 3. Nf3 Bg7 4. e3 d6 5. Bd3 c5 6. c3 cxd4 7. exd4 Nc6 8. O-O
O-O 9. Qe2 Bg4 10. f5 Qd7 11. fxg6 fxg6 12. Nbd2 e5 13. dxe5 dxe5 14. h3 Bxf3
15. Nxf3 Nh5 16. Rd1 Qc7 17. Ng5 Nf4 18. Bxf4 Rxf4 19. Kh1 Qe7 20. Bc4+ Kh8 21.
Ne6 Rf6 22. Nxg7 Qxg7 23. Bb5 Raf8 24. Bxc6 Rxc6 25. Rd5 Re6 26. Rad1 Re7 27.
Rd8 h6 28. Qf2 Rxd8 29. Rxd8+ Kh7 30. Qxa7 e4 31. Qe3 Rf7 32. Rd1 Qe5 33. Kg1
Qe6 34. b3 Qf5 35. Re1 Re7 36. Qf2 Qe5 37. Qd4 Qe6 38. c4 e3 39. Re2 Re8 40.
Qd5 Qe7 41. Qd4 Qe6 42. c5 Qe7 43. b4 Qe6 44. Qd6 Qe4 45. Qd1 Re7 46. Qb3 Qd4
47. a3 Qa1+ 48. Kh2 Qe5+ 49. Kg1 Qa1+ 50. Kh2 Qe5+ 51. Kg1 1/2-1/2

[Event "DEM U16w 2012"]
[Site "Oberhof GER"]
[Date "2012.05.30"]
[Round "6"]
[White "Polert, Annika"]
[Black "Liez, Franziska"]
[Result "1/2-1/2"]
[Termination "normal"]
[Board "4"]
[WhiteElo "1792"]
[BlackElo "1957"]
[PlyCount "59"]
[WhiteFideId "24692328"]
[BlackFideId "1271766"]
[EventCountry "GER"]
[EventRounds "9"]
[EventType "swiss"]
[EventDate "2012.05.26"]

1. c4 Nf6 2. Nc3 e6 3. d4 Bb4 4. Qc2 d5 5. a3 Bxc3+ 6. Qxc3 Nbd7 7. Nf3 b6 8.
e3 Bb7 9. Be2 O-O 10. b4 c5 11. dxc5 Ne4 12. Qd4 bxc5 13. bxc5 Qe7 14. Bb2 f6
15. cxd5 Bxd5 16. c6 Bxc6 17. O-O Rfd8 18. Qb4 Qf7 19. Rfb1 Nb6 20. Nd4 Bd5 21.
f3 Nd6 22. e4 Bc4 23. Bxc4 Ndxc4 24. Rc1 Rac8 25. Bc3 e5 26. Nf5 Rd7 27. Be1
Rcd8 28. Bf2 Qe6 29. a4 Nd2 30. Bxb6 1/2-1/2

[Event "DEM U16w 2012"]
[Site "Oberhof GER"]
[Date "2012.05.30"]
[Round "6"]
[White "Siegl, Melina"]
[Black "Mehling, Katharina"]
[Result "1/2-1/2"]
[Termination "normal"]
[Board "5"]
[WhiteElo "1771"]
[BlackElo "1714"]
[PlyCount "43"]
[WhiteFideId "1272126"]
[BlackFideId "12900362"]
[EventCountry "GER"]
[EventRounds "9"]
[EventType "swiss"]
[EventDate "2012.05.26"]

1. e4 e6 2. d4 d5 3. Nd2 Nf6 4. e5 Nfd7 5. Bd3 c5 6. c3 Nc6 7. Ne2 cxd4 8. cxd4
f6 9. exf6 Nxf6 10. Nf3 Bd6 11. Bf4 O-O 12. O-O Bxf4 13. Nxf4 Qd6 14. Ne2 Ng4
15. Ng3 e5 16. dxe5 Ncxe5 17. Nxe5 Qxe5 18. Qc2 Nf6 19. Rae1 Qd6 20. Nf5 Bxf5
21. Bxf5 Rfe8 22. Rxe8+ 1/2-1/2

[Event "DEM U16w 2012"]
[Site "Oberhof GER"]
[Date "2012.05.30"]
[Round "6"]
[White "Lagunow, Elina"]
[Black "Schäfer, Annabelle"]
[Result "1/2-1/2"]
[Termination "normal"]
[Board "7"]
[WhiteElo "1748"]
[BlackElo "1803"]
[PlyCount "53"]
[WhiteFideId "4673387"]
[BlackFideId "12917729"]
[EventCountry "GER"]
[EventRounds "9"]
[EventType "swiss"]
[EventDate "2012.05.26"]

1. Nf3 d5 2. g3 c6 3. Bg2 Bg4 4. O-O Nd7 5. d3 Ngf6 6. c4 e6 7. Nc3 Bd6 8. e4
dxe4 9. dxe4 Ne5 10. Qe2 Nxf3+ 11. Bxf3 Bxf3 12. Qxf3 e5 13. Bg5 h6 14. Bxf6
Qxf6 15. Qxf6 gxf6 16. Na4 Rd8 17. c5 Bc7 18. Rad1 Ke7 19. a3 b5 20. Nc3 Rxd1
21. Nxd1 Rd8 22. Ne3 Ke6 23. Nf5 Rd2 24. Rb1 Re2 25. Ne3 Rd2 26. Kg2 h5 27. Kf3
1/2-1/2

[Event "DEM U16w 2012"]
[Site "Oberhof GER"]
[Date "2012.05.30"]
[Round "6"]
[White "Eue, Vicky"]
[Black "Herbrig, Marie-Helen"]
[Result "0-1"]
[Termination "normal"]
[Board "8"]
[WhiteElo "1586"]
[BlackElo "1646"]
[PlyCount "140"]
[WhiteFideId "12945838"]
[BlackFideId "12900427"]
[EventCountry "GER"]
[EventRounds "9"]
[EventType "swiss"]
[EventDate "2012.05.26"]

1. e4 c5 2. Nf3 Nc6 3. d4 cxd4 4. Nxd4 Nf6 5. Nc3 d6 6. Be2 e5 7. Nb3 Be7 8.
Be3 O-O 9. Qd2 a5 10. a4 Be6 11. O-O Nb4 12. Bf3 d5 13. exd5 Nfxd5 14. Bc5 Re8
15. Nxd5 Nxd5 16. Bxe7 Rxe7 17. Rad1 Rd7 18. Nc5 Rc7 19. Bxd5 Rxc5 20. Bxb7
Qxd2 21. Rxd2 Rb8 22. Rfd1 g6 23. Rd8+ Rxd8 24. Rxd8+ Kg7 25. c3 Bb3 26. Rc8
Rxc8 27. Bxc8 Bxa4 28. Kf1 Kf6 29. Ke1 Ke7 30. Kd2 Kd6 31. Bb7 Kc5 32. Kd3 Bb5+
33. Ke4 f6 34. g3 Bc4 35. h4 Kb5 36. Bd5 Kc5 37. Bb7 Kd6 38. f4 f5+ 39. Ke3 e4
40. Kd4 Bf7 41. c4 h6 42. Bc8 Kc6 43. g4 Kc7 44. Bxf5 gxf5 45. gxf5 e3 46. Kxe3
Bxc4 47. Kd4 Bf7 48. Ke5 Kd7 49. f6 a4 50. f5 h5 51. Kd4 Kd6 52. Ke4 Be8 53.
Kd4 Bf7 54. Ke4 Kc6 55. Kd4 Bg8 56. Ke5 Bf7 57. Kd4 Bb3 58. Ke5 Bf7 59. Kd4 Kb5
60. Ke5 Kc5 61. Ke4 Kc4 62. Ke5 Kc5 63. Ke4 Bd5+ 64. Ke5 Bf7 65. Ke4 Kc4 66.
Ke5 Kd3 67. Kd6 Ke4 68. Ke7 Bb3 69. f7 Bxf7 70. f6 Bb3 0-1

[Event "DEM U16w 2012"]
[Site "Oberhof GER"]
[Date "2012.05.30"]
[Round "6"]
[White "Stoll, Katja"]
[Black "Tobianski, Karina"]
[Result "1-0"]
[Termination "normal"]
[Board "9"]
[WhiteElo "1645"]
[BlackElo "1341"]
[PlyCount "75"]
[WhiteFideId "1271730"]
[BlackFideId "12937746"]
[EventCountry "GER"]
[EventRounds "9"]
[EventType "swiss"]
[EventDate "2012.05.26"]

1. e4 d5 2. exd5 Nf6 3. d4 Nxd5 4. c4 Nb6 5. Nc3 e5 6. dxe5 Qxd1+ 7. Kxd1 Nc6
8. Bf4 Be6 9. b3 O-O-O+ 10. Kc2 Bf5+ 11. Kb2 Bc5 12. Nf3 Bxf2 13. Ng5 Rhf8 14.
Be2 h6 15. Nf3 Nd7 16. Rhf1 Bc5 17. Nh4 Bh7 18. Bg3 Ndxe5 19. Rad1 Rxd1 20.
Rxd1 Rd8 21. Nd5 g5 22. Nf3 Nxf3 23. Bxf3 Bd4+ 24. Kc1 Be5 25. Bxe5 Rd7 26. Bg7
f5 27. Bxh6 g4 28. Be2 Ne7 29. Nxe7+ Rxe7 30. Bd3 Re6 31. Bf4 Rf6 32. Kc2 Bg8
33. Kc3 Be6 34. Kd4 Bd7 35. Kc3 Bc6 36. g3 Bf3 37. Bg5 Rf8 38. Bxf5+ 1-0

[Event "DEM U16w 2012"]
[Site "Oberhof GER"]
[Date "2012.05.30"]
[Round "6"]
[White "Michels, Kim"]
[Black "Brock, Sharlena"]
[Result "1/2-1/2"]
[Termination "normal"]
[Board "10"]
[WhiteElo "1647"]
[BlackElo "1420"]
[PlyCount "40"]
[WhiteFideId "24690066"]
[BlackFideId "12951935"]
[EventCountry "GER"]
[EventRounds "9"]
[EventType "swiss"]
[EventDate "2012.05.26"]

1. e4 e5 2. Nf3 Nc6 3. Bc4 Bc5 4. c3 Nf6 5. d3 a6 6. Nbd2 d6 7. Bb3 Ba7 8. Nf1
O-O 9. Ng3 Be6 10. Bc2 d5 11. Qe2 dxe4 12. dxe4 Qd7 13. h3 Rfd8 14. Nh4 h6 15.
Ngf5 Kh7 16. Qf3 Ng8 17. g4 g6 18. Ng3 Qe7 19. Ng2 Rd6 20. h4 Qd7 1/2-1/2

[Event "DEM U16w 2012"]
[Site "Oberhof GER"]
[Date "2012.05.30"]
[Round "6"]
[White "Spiegelberg, Silvia"]
[Black "Lehmann, Patricia"]
[Result "1-0"]
[Termination "normal"]
[Board "11"]
[WhiteElo "1903"]
[BlackElo "1671"]
[PlyCount "67"]
[WhiteFideId "24654450"]
[BlackFideId "12900060"]
[EventCountry "GER"]
[EventRounds "9"]
[EventType "swiss"]
[EventDate "2012.05.26"]

1. e4 c5 2. Nf3 d6 3. d4 cxd4 4. Nxd4 Nf6 5. Nc3 a6 6. f3 e5 7. Nb3 Be6 8. Be3
Be7 9. Qd2 O-O 10. O-O-O a5 11. Bb5 Na6 12. g4 Qb8 13. h4 Ne8 14. h5 Nec7 15.
Bxa6 Rxa6 16. g5 a4 17. Na1 a3 18. b3 d5 19. exd5 Bf5 20. Qh2 Re8 21. h6 Qc8
22. hxg7 Ra5 23. d6 Bxd6 24. Rxd6 Re6 25. Ne4 Ne8 26. Rxe6 Qxe6 27. Qd2 Rd5 28.
Qb4 Kxg7 29. Qxa3 Qc6 30. g6 Bxe4 31. fxe4 Qc3 32. Bh6+ Kf6 33. Qb2 Rd1+ 34.
Rxd1 1-0

[Event "DEM U16w 2012"]
[Site "Oberhof GER"]
[Date "2012.05.30"]
[Round "6"]
[White "Wulf, Constanze"]
[Black "Burgardt, Sabrina"]
[Result "1-0"]
[Termination "normal"]
[Board "12"]
[WhiteElo "1473"]
[BlackElo "1281"]
[PlyCount "57"]
[WhiteFideId "24692379"]
[BlackFideId "12951943"]
[EventCountry "GER"]
[EventRounds "9"]
[EventType "swiss"]
[EventDate "2012.05.26"]

1. d4 Nf6 2. c4 b6 3. Nc3 Bb7 4. Bf4 e6 5. a3 Be7 6. e3 O-O 7. Nf3 d5 8. cxd5
Nxd5 9. Nxd5 Bxd5 10. Rc1 c5 11. dxc5 Bxc5 12. Be2 Nd7 13. O-O Rc8 14. Ne5 Nxe5
15. Bxe5 Bb7 16. Qxd8 Rfxd8 17. Rfd1 Rxd1+ 18. Rxd1 Bc6 19. Ba6 Re8 20. b4 Be7
21. Rc1 Bd5 22. Rc7 Bd8 23. Rxa7 f6 24. Bd6 Bc6 25. b5 Bd5 26. Bc8 Be7 27. Bd7
Bxd6 28. Bxe8 Kf8 29. Bc6 1-0